| 000 -ლიდერი |
| ფიქსირებული სიგრძის საკონტროლო ველი |
01269nam a22002057a 4500 |
| 003 - საკონტროლო ნომრის იდენტიფიკატორი |
| საკონტროლო ველი |
Ge_BSU |
| 005 - ბოლო ოპერაციის თარიღი და დრო |
| საკონტროლო ველი |
20201126143815.0 |
| 008 - ფიქსირებული სიგრძის მონაცემთა ელემენტები - ზოგადი ინფორმაცია |
| ფიქსირებული სიგრძის საკონტროლო ველი |
200825s2016 ge ||||| |||| 00| 0 geo d |
| 020 ## - წიგნის საერთაშორისო სტანდარტული ნომერი |
| International Standard Book Number |
9941242151 |
| 041 ## - ენის კოდი |
| Language code of text/sound track or separate title |
geo |
| 080 ## - უნივერსალური ათობითი კლასიფიკაციის ინდექსი |
| Universal Decimal Classification number |
342.4(479.22) ქ-32 |
| 245 ## - ცნობა სათაურის შესახებ |
| Title |
ქართული კონსტიტუციონალიზმის ქრონიკები : |
| Statement of responsibility, etc |
ძირითადი კანონის მიოსაღებად გამართული სამართლებრივი დისკუსიები და 1921 წლის კონსტიტუციის მიღება / |
| Remainder of title |
სამეცნ.რედ: ზვიად კორძაძე, თორნიკე ნემსიწვერიძე . |
| 264 ## - წარმოების, გამოცემის, დისტრიბუციის და სხვა ცნობები |
| გამოცემის, წარმოების, დისტრიბუციის... ადგილი |
თბ.: |
| გამოცემის, წარმოების, დისტრიბუციის... სახელწოდება |
"ზვიად კორძაძის გამომცემლობა", |
| გამოცემის, წარმოების, დისტრიბუციის... თარიღი |
2016. |
| 300 ## - ფიზიკური აღწერა |
| Extent |
430გვ.: |
| Other physical details |
24 სმ. |
| 653 ## - INDEX TERM--UNCONTROLLED |
| Uncontrolled term |
ქართული კონსტიტუციონალიზმი |
| 653 ## - INDEX TERM--UNCONTROLLED |
| Uncontrolled term |
სამართალი |
| 700 ## - ADDED ENTRY--PERSONAL NAME |
| Personal name |
კორძაძე, ზ. |
| Relator term |
რედაქტორი |
| 9 (RLIN) |
9332 |
| 700 ## - ADDED ENTRY--PERSONAL NAME |
| Personal name |
ნემსიწვერიძე თორნიკე |
| Relator term |
რედაქტორი |
| 9 (RLIN) |
9333 |
| 942 ## - ADDED ENTRY ELEMENTS (KOHA) |
| Source of classification or shelving scheme |
|
| Koha item type |
წიგნი |